Lặng lẽ bên tôi : Tập truyện ngắn

Enregistré dans:
Détails bibliographiques
Auteur principal: Phạm, Duy Tương
Format: Livre
Langue:Undetermined
Publié: Cần Thơ Đại học Cần Thơ 2017
Sujets:
Tags: Ajouter un tag
Pas de tags, Soyez le premier à ajouter un tag!
Thư viện lưu trữ: Trung tâm Học liệu Trường Đại học Cần Thơ
LEADER 00607nam a2200205Ia 4500
001 CTU_229699
008 210402s9999 xx 000 0 und d
020 |c 85000 
082 |a 895.9223 
082 |b T561 
100 |a Phạm, Duy Tương 
245 0 |a Lặng lẽ bên tôi : 
245 0 |b Tập truyện ngắn 
245 0 |c Phạm Duy Tương 
260 |a Cần Thơ 
260 |b Đại học Cần Thơ 
260 |c 2017 
650 |a Truyện ngắn Việt Nam,Short stories, Vietnamese 
910 |b nthai 
980 |a Trung tâm Học liệu Trường Đại học Cần Thơ